Biblioteca

La aportación protestante al sistema educativo de España : (Registro nro. 68249)

Detalles MARC
000 -LÍDER
Campo fijo de descripción fija 01403nas a2200193 i 4500
001 - NÚMERO DE CONTROL
Campo de control 768714001
003 - IDENTIFICADOR DEL NÚMERO DE CONTROL
Campo de control CO-MdFUSB
005 - FECHA Y HORA DE LA ULTIMA TRANSACCIÓN
control field 20221004160051.0
008 - ELEMENTOS DE LONGITUD FIJA -- INFORMACIÓN GENERAL
Campo fijo de descripción fija -- Información general 221004s2013 sp ||||| |||| 00| 0 spa d
040 ## - FUENTE DE CATALOGACIÓN
Idioma de catalogación spa
Agencia que realiza la transcripción CO-MdFUSB
Agencia que realiza la modificación CO-MdFUSB
041 ## - CÓDIGO DE IDIOMA
Código de idioma para texto/pista de sonido o título separado spa
100 ## - ASIENTO PRINCIPAL--NOMBRE PERSONAL
Nombre personal Quero Moreno, Juan Manuel,
Término relacionador autor
245 13 - TÍTULO
Título La aportación protestante al sistema educativo de España :
Subtitulo Johann Heinrich Pestalozzi
Mención de responsabilidad / Juan Manuel Quero Moreno
300 ## - DESCRIPCIÓN FÍSICA
Extensión Volumen 1.2, (otoño 2013), páginas 89 - 113
Dimensiones ; 23 cm
520 ## - NOTA DE RESUMEN, ETC.
Nota de sumario, etc. Cuando hablamos de protestantismo no solamente hablamos de un tipo de confesión religiosa, sino que tratamos de la vida de un "pueblo", de un modus vivendi, en el que el Evangelio es base fundamental para convivir. Con la misma Reforma del siglo XVI, se entendió necesario que todos pudieran, no solo leer la Biblia, sino entenderla, formulándose un método educativo adecuado, una "pedagogía de la Reforma". En la historia contemporánea de España ocurría algo similar, de tal manera, que el impulso de una pedagogía nueva y vanguardista se debería al esfuerzo protestante, a pesar de los obstáculos que les imponían.
650 #0 - ASIENTO SECUNDARIO DE MATERIA - TERMINO TEMÁTICO
9 (RLIN) 984
Término temático o nombre geográfico como elemento de entrada Educación
773 0# - ASIENTO DE ITEM FUENTE
Biblionumber 68242
Itemnumber 81335
Asiento principal Facultad Protestante de Teología UEBE
Otro identificador del ítem R2121
Título Revista Protestante de Teología
Número de control del registro (CO-MdFUSB)768714001
Número Internacional Normalizado para Publicaciones Seriadas (ISSN) 2340-1265
Parte(s) relacionada(s) / Volumen., número. (mes año), páginas Volumen 1.2, (otoño 2013), páginas 89 - 113
Enumeración y primera página páginas 89
942 ## - TIPO DE MATERIAL (KOHA)
Tipo de Item KOHA Artículos de Revista

No hay ítems disponibles.

Biblioteca FUSBC | Teléfono: (57+4) 349 88 10 Ext. 141| WhatsApp (+57) 3005338115 
E-mail: biblioteca@unisbc.edu.co | Calle 76 87-14 Robledo Palenque, Medellín, Colombia

Con tecnología Koha